LIBRARY & INFORMATION CENTRE, KCAET, TAVANUR

ONLINE PUBLIC ACCESS CATALOGUE (OPAC)

Radio engineers hand book / (Record no. 7085)

MARC details
000 -LEADER
fixed length control field 00470cam a2200181ua 4500
041 ## - LANGUAGE CODE
Language code of text/sound track or separate title eng
082 ## - DEWEY DECIMAL CLASSIFICATION NUMBER
Classification number 028.71621
Item number TER/RA
100 ## - MAIN ENTRY--AUTHOR NAME
Personal name Terman, Frederick Emmen .
245 ## - TITLE STATEMENT
Title Radio engineers hand book /
250 ## - EDITION STATEMENT
Edition statement 1 /
260 ## - PUBLICATION, DISTRIBUTION, ETC. (IMPRINT)
Place of publication London :
Name of publisher McGraw Hill Book Company ,
Year of publication 1943.
300 ## - PHYSICAL DESCRIPTION
Number of Pages 1019 ; .
942 ## - ADDED ENTRY ELEMENTS (KOHA)
Koha item type Books
Holdings
Withdrawn status Lost status Damaged status Home library Current library Date acquired Full call number Accession Number Koha item type
Withdrawn     KAUAET   07/04/2012 028.71621 12332 Books
free website counter